000 00619nam a2200193Ii 4500
003 JO-AjNU
008 230605s9999||||xx |||||||||||||| ||und||
040 _aJO-AjNU
_bara
_erda
_cJO-AjNU
041 _aara
050 1 4 _aPJ5741.S3545 1983
100 3 _aتاليف السامرائي، ابراهيم,
_eauthor
_941819
245 0 0 _aفي لغة الشعر
264 3 1 _aعمان:دار الفكر للنشر والتوزيع،1983
300 _a132ص
336 _atext
_btxt
_2rdacontent
337 _aunmediated
_bn
_2rdamedia
338 _avolume
_bnc
_2rdacarrier
650 4 _aلغة الشعر-الشعر
_941820
999 _aA17860
_c21428
_d21428